000 00645nam a22002057a 4500
003 koha_MIRAKIL
005 20251210094146.0
008 251210b eng||||| |||| 00| 0 eng d
020 _a9780199113378
040 _aTR-IsEVY
_btur
_cTR-IsEVY
082 _a420 GAT/R
100 _aGates, Susan
245 0 _aRobo-Vac /
_cSusan Gates ; illustrated by Scoular Anderson.
260 _aOxford :
_bOxford University Press,
_c2006.
300 _a32 p. :
_bcolour pictures ;
_c20 cm.
490 0 _aTreeTops.
650 _aEnglish Education.
_vChildren's literature.
_vReading Books.
700 1 _aAnderson, Scoular.
_cillustrated.
942 _2ddc
_cBK
999 _c23032
_d23032